MARC details
| 000 -CABECERA |
| campo de control de longitud fija |
00833cam a2200241 a 4500 |
| 001 - NÚMERO DE CONTROL |
| campo de control |
000008428 |
| 005 - FECHA Y HORA DE LA ÚLTIMA TRANSACCIÓN |
| campo de control |
20200929161336.0 |
| 008 - DATOS DE LONGITUD FIJA--INFORMACIÓN GENERAL |
| campo de control de longitud fija |
930121s1990 cu a 000 f spa |
| 035 ## - NÚMERO DE CONTROL DEL SISTEMA |
| Número de control de sistema |
(DLC) 93106011 |
| 040 ## - FUENTE DE LA CATALOGACIÓN |
| Centro catalogador/agencia de origen |
DO-SdBNP |
| Centro/agencia transcriptor |
DLC |
| Centro/agencia modificador |
DLC |
| -- |
BNPHU |
| 082 ## - NÚMERO DE LA CLASIFICACIÓN DECIMAL DEWEY |
| Número de clasificación |
Cu863.44 |
| Número de documento/Ítem |
R6962ú |
| 049 ## - FONDOS LOCALES (OCLC) |
| Fondos de biblioteca |
BNGR |
| 100 1# - ENTRADA PRINCIPAL--NOMBRE DE PERSONA |
| Nombre de persona |
Rodríguez Cruz, Juan Carlos, |
| Fechas asociadas al nombre |
1943- |
| 9 (RLIN) |
22706 |
| 245 13 - MENCIÓN DE TÍTULO |
| Título |
El último retorno / |
| Mención de responsabilidad, etc. |
Juan Carlos Rodríguez Cruz ; edición, Olga Marta Pérez. |
| 260 ## - PUBLICACIÓN, DISTRIBUCIÓN, ETC. |
| Lugar de publicación, distribución, etc. |
Ciudad de La Habana, Cuba : |
| Nombre del editor, distribuidor, etc. |
Capitan San Luis, |
| Fecha de publicación, distribución, etc. |
1990. |
| 300 ## - DESCRIPCIÓN FÍSICA |
| Extensión |
243 p. : |
| Otras características físicas |
il. ; |
| Dimensiones |
18 cm. |
| 490 1# - MENCIÓN DE SERIE |
| Mención de serie |
Aniversario de la Revolución |
| Designación de volumen o secuencia |
1988 |
| 650 #4 - PUNTO DE ACCESO ADICIONAL DE MATERIA--TÉRMINO DE MATERIA |
| Término de materia o nombre geográfico como elemento de entrada |
Novela cubana |
| 9 (RLIN) |
2316 |
| 650 #4 - PUNTO DE ACCESO ADICIONAL DE MATERIA--TÉRMINO DE MATERIA |
| Término de materia o nombre geográfico como elemento de entrada |
Literatura cubana |
| 9 (RLIN) |
1483 |
| 700 1# - PUNTO DE ACCESO ADICIONAL--NOMBRE DE PERSONA |
| Nombre de persona |
Pérez, Olga Marta |
| Término indicativo de función/relación |
ed. |
| 9 (RLIN) |
22707 |
| 830 #0 - PUNTO DE ACCESO ADICIONAL DE SERIE-TÍTULO UNIFORME |
| Título uniforme |
Aniversario de la Revolución ; |
| Designación de volumen o secuencia |
1988 |
| 9 (RLIN) |
22708 |
| 910 ## - DATOS DE OPCIÓN DEL USUARIO (OCLC) |
| Datos de opción del usuario |
Catalogación por copia / LC |